000 01191naa a22003497a 4500
001 BR6009768
003 BR-BrBNA
005 20240918173109.0
007 ta
008 230509b bl.||||| |||| 00| 0 por d
040 _aBR-BrBNA
_bpor
_cBiblioteca Nacional de Agricultura
041 _a(Pt)
072 _aF00
_b0150
_bG514
090 _aF00 BR6009768
100 1 _aFreire, A. de B.
100 1 _aCoqueiro, E.P.
100 1 _aPereira, J.
111 1 _a2. Reuniao Brasileira de Cerrados
_cSete Lagoas, MG (Brazil)
_d1 Jun 1967
245 1 _aEpocas de plantio de arroz de sequeiro [Oryza sativa; Goias; Minas Gerais; Brasil]
260 3 _aSete Lagoas, MG (Brasil):
_c1972.
500 _aAnais da 2. Reuniao Brasileira de Cerrados Sete Lagoas, MG (Brasil): 1972. p. 183-192 (BR6009768-AM)F00
650 _aProducao vegetal
650 _aArroz sequeiro
650 _aPratica cultural
650 _aPlantio
650 _aDensidade de plantio
650 _aMinas Gerais
650 _aGoias
773 0 _tAnais da 2. Reuniao Brasileira de Cerrados
_wF00 BR6009768
_gSete Lagoas, MG (Brasil), 1972. p. 183-192
909 _a202404
_bLucia
_c55
_dLucia Elande
942 _cAM
_2AGRIS
999 _c302850
_d302850